| 000 | 00585nam a2200229Ia 4500 | ||
|---|---|---|---|
| 003 | OSt | ||
| 005 | 20220926012223.0 | ||
| 006 | a|||||r|||| 00| 0 | ||
| 007 | ta | ||
| 008 | 220923b |||||||| |||| 00| 0 eng d | ||
| 037 | _cGeneral Book | ||
| 040 |
_aRTL _cRTL _beng |
||
| 041 |
_2eng _aeng |
||
| 082 | _aV2.N, D6 | ||
| 100 |
_aHooper P W _9315841 |
||
| 245 | 0 | _aIndia and her people | |
| 260 |
_aNew York _bBrooklyn U S A _c1906 |
||
| 300 |
_a285p. _ccm. |
||
| 650 | _aIndian Histroy | ||
| 942 |
_hV2.N, D6 _cGB _2CC |
||
| 999 |
_c622114 _d622114 |
||